Final Fantasy Main Characters Quiz Stats

 Plays Quiz not verified by Sporcle

Challenge
Share
Tweet
Embed
Score 0/118 Timer 15:00
0 Plays Today
Game Character % Correct
Final Fantasy VIICloud Strife
80.4%
Final Fantasy VIIBarret Wallace
78.3%
Final Fantasy IIICid
76.1%
Final Fantasy IVCid Pollendina
76.1%
Final Fantasy VIICid Highwind
76.1%
Final FantasyWhite Mage
75%
Final Fantasy VIITifa Lockheart
75%
Final Fantasy XTidus
75%
Final Fantasy XIWhite Mage
75%
Final FantasyBlack Mage
73.9%
Final Fantasy VIIAeris Gainsborough
73.9%
Final Fantasy XIBlack Mage
73.9%
Final Fantasy VIIYuffie Kisaragi
72.8%
Final Fantasy XYuna
72.8%
Final Fantasy X-2Yuna
72.8%
Final Fantasy VIIRed XIII
71.7%
Final Fantasy VIIVincent Valentine
71.7%
Final Fantasy VIIISquall Leonhart
71.7%
Final FantasyRed Mage
70.7%
Final Fantasy VIICait Sith
70.7%
Final Fantasy XIRed Mage
70.7%
Final Fantasy VITerra Branford
69.6%
Final Fantasy XRikku
67.4%
Final Fantasy X-2Rikku
67.4%
Final Fantasy XIIILightning
67.4%
Final Fantasy IVCecil Harvey
65.2%
Final Fantasy IXZidane Tribal
65.2%
Final Fantasy XAuron
65.2%
Final Fantasy XWakka
65.2%
Final FantasyThief
64.1%
Final Fantasy XIThief
64.1%
Final Fantasy XLulu
63%
Final FantasyFighter
60.9%
Final Fantasy VIIIRinoa Heartilly
60.9%
Final Fantasy VILocke Cole
59.8%
Final Fantasy X-2Paine
59.8%
Final Fantasy XIWarrior
59.8%
Final Fantasy XIIVaan
59.8%
Final Fantasy IVKain Highwind
58.7%
Final Fantasy VBartz
58.7%
Game Character % Correct
Final Fantasy VIIIQuistis Trepe
58.7%
Final Fantasy VIIIZell Dincht
58.7%
Final Fantasy VIIISelphie Tilmitt
58.7%
Final Fantasy IXVivi Orunitia
57.6%
Final Fantasy XIMonk
55.4%
Final Fantasy VIIIIrvine Kinneas
54.3%
Final Fantasy XKimahri Ronso
54.3%
Final Fantasy VIShadow
53.3%
Final Fantasy VICeles Chere
53.3%
Final Fantasy IXGarnet Til Alexandros XVII
53.3%
Final Fantasy IVRosa Farrel
52.2%
Final Fantasy VIMog
51.1%
Final Fantasy VIEdgar Roni Figaro
48.9%
Final Fantasy XIIISnow Villiers
48.9%
Final Fantasy IVRydia of Mist
47.8%
Final Fantasy VISabin Rene Figaro
46.7%
Final Fantasy VISetzer Gabbiani
46.7%
Final Fantasy VIIISeifer Almasy
46.7%
Final Fantasy XIIBalthier
46.7%
Final Fantasy IVEdward Chris von Muir
45.7%
Final Fantasy XIIAshe
45.7%
Final Fantasy XIIBasch
45.7%
Final Fantasy XIIPenelo
45.7%
Final Fantasy IVYang Feng Leiden
44.6%
Final Fantasy IVPalom & Porom
44.6%
Final Fantasy IVTellah
43.5%
Final Fantasy IVEdge Geraldine
43.5%
Final Fantasy VIGau
43.5%
Final Fantasy IXAdelbert Steiner
43.5%
Final Fantasy IXQuina Quen
43.5%
Final Fantasy IXFreya Crescent
42.4%
Final Fantasy XIIFran
42.4%
Final FantasyBlack Belt
41.3%
Final Fantasy VIRelm Arrowny
41.3%
Final Fantasy VIGogo
41.3%
Final Fantasy VICyan Garamonde
40.2%
Final Fantasy IXEiko Carol
40.2%
Final Fantasy IXAmarant Coral
40.2%
Final Fantasy VIStrago Magus
39.1%
Final Fantasy VIUmaro
39.1%
Game Character % Correct
Final Fantasy XINinja
39.1%
Final Fantasy IVFuSoYa
38%
Final Fantasy VFaris
38%
Final Fantasy VGaluf
37%
Final Fantasy IIMaria
34.8%
Final Fantasy IIGuy
33.7%
Final Fantasy XIIISazh Katzroy
32.6%
Final Fantasy XIDragoon
27.2%
Final Fantasy XIBlue Mage
27.2%
Final Fantasy XISummoner
23.9%
Final Fantasy VKrile
21.7%
Final Fantasy XIPaladin
20.7%
Final Fantasy XISamurai
20.7%
Final Fantasy XIDark Knight
19.6%
Final Fantasy XIBard
18.5%
Final Fantasy XIIIOerba Dia Vanille
18.5%
Final Fantasy VReina
17.4%
Final Fantasy XIDancer
16.3%
Final Fantasy XIRanger
14.1%
Final Fantasy IIJosef
12%
Final Fantasy IIGordon
12%
Final Fantasy IIRichard
12%
Final Fantasy XIBeastmaster
10.9%
Final Fantasy IIISara
9.8%
Final Fantasy XIScholar
8.7%
Final Fantasy XICorsair
7.6%
Final Fantasy XIPuppetmaster
7.6%
Final Fantasy IILayla
5.4%
Final Fantasy IILionheart
5.4%
Final Fantasy IIMinh
4.3%
Final Fantasy IIFrioniel
4.3%
Final Fantasy IIIDesh
3.3%
Final Fantasy IIIUnne
2.2%
Final Fantasy XIIINora
2.2%
Final Fantasy IIIFour Old Men
1.1%
Final Fantasy IIIAllus
1.1%
Final Fantasy IIIDorga
1.1%
Final Fantasy IIIElia
0%

You're not logged in!

Compare scores with friends on all Sporcle quizzes.
Join for Free
OR
Log In

You Might Also Like...

Show Comments

Extras

Top Quizzes Today


Score Distribution

Your Account Isn't Verified!

In order to create a playlist on Sporcle, you need to verify the email address you used during registration. Go to your Sporcle Settings to finish the process.

Report this User

Report this user for behavior that violates our Community Guidelines.

Details: